| 000 | 00558nam a2200181 a 4500 | ||
|---|---|---|---|
| 005 | 20140412111356.0 | ||
| 008 | 051104s19uu xx 00 eng d | ||
| 020 | _a0-07-572802-8 | ||
| 050 |
_aTR(GS 372.4 _bA1 L.1(ESL) B.M. |
||
| 245 |
_aESL supplement (orange), L.1 : _bBlackline masters. |
||
| 260 |
_aColumbus, Ohio : _bSRA/McGraw-Hill Comp, _c2002. |
||
| 300 | _a132 p. | ||
| 440 | _aSRA open court reading, Orange | ||
| 650 |
_aReading _xStudy and teaching |
||
| 650 |
_aEnglish language _xStudy and teaching |
||
| 999 |
_c105407 _d105407 |
||